| 000 | 00559nam a2200217Ia 4500 | ||
|---|---|---|---|
| 003 | OSt | ||
| 005 | 20230607175114.0 | ||
| 008 | 210423s2009 xx 000 0 und d | ||
| 040 | _cAL | ||
| 041 | _aeng | ||
| 082 |
_a361.3 _223 _bSSWS |
||
| 100 |
_aSchool of Social Work _9115325 |
||
| 245 | _aSpandana seminar 2009 | ||
| 260 |
_aMangalore _bSchool of Social Work _c2009 |
||
| 300 | _a63 | ||
| 365 | _cINR | ||
| 650 |
_aSocial Problems & Services _9115326 |
||
| 650 |
_aSocial Work _9115327 |
||
| 906 | _a2009 ; seminar ; Spandana | ||
| 942 |
_2ddc _cBK |
||
| 999 |
_c175313 _d175313 |
||